Leader xxxxxxxxxx
001 __ PCLIS00008156
005 __ 20221226091335.0
010 0_ |a957-522-067-6|b平裝|dNT$120
100 __ |a19870509d1993 m y0chiy09 e
101 0_ |achi
102 __ |atw
105 __ |aa r 000cy
200 1_ |a少年大頭春的生活週記|f大頭春文.圖
205 __ |a三版
210 __ |a臺北市|c聯合文學|d民82.08[1993]
215 0_ |a[6], 189面|c圖|d21公分
225 1_ |a聯合文學|v68
225 1_ |a聯合文叢|v49
300 __ |a散文
300 __ |a作者本名張大春
300 __ |a作者號疑由adm取自出版社
300 __ |a附錄: 評介《少年大頭春的生活週記》等3種
681 __ |a820.8|b8566 88 V.49
700 _1 |a張|b大春|f1957- |4著
801 _0 |atw|b內湖高中|c20010622
801 _2 |atw|b內湖高中|c20221226|gCCR
|